Tạp chí khoa học Đại học Đồng Tháp Chuyên san khoa học Xã hội và Nhân văn Dong Thap university journal of science : Social Sciences and Humanities Issue Tập 14 - Số 1

Số này gồm các bài viết: Tổ chức dạy kỹ năng viết đoạn văn cho học sinh lớp 3 bằng kỹ thuật làm mẫu "Nói to suy nghĩ"; Tư tưởng thiền học trong Thiền tịch phú của thiền sư Chân Nguyên; Rèn luyên kĩ năng hợp tác cho trẻ mẫu giáo 4...

Descrizione completa

Salvato in:
Dettagli Bibliografici
Natura: Libro
Lingua:Vietnamese
Pubblicazione: Đồng Tháp Trường Đại học Đồng Tháp 2025
Soggetti:
Tags: Aggiungi Tag
Nessun Tag, puoi essere il primo ad aggiungerne! !
Thư viện lưu trữ: Thư viện Trường Đại học Nam Cần Thơ
LEADER 01541nam a22002297a 4500
001 NCT_4_017734
008 250315b xxu||||| |||| 00| 0 vie d
999 |c 8849  |d 8849 
022 |a 0866-7675 
041 0 |a vie 
082 0 4 |2 23rd ed.  |a 378  |b T109C 
245 0 0 |a Tạp chí khoa học Đại học Đồng Tháp Chuyên san khoa học Xã hội và Nhân văn  |b Dong Thap university journal of science : Social Sciences and Humanities Issue  |n Tập 14 - Số 1   |c Trường Đại học Đồng Tháp 
260 |a Đồng Tháp  |b Trường Đại học Đồng Tháp  |c 2025 
300 |a 120 tr.  |c 27 cm 
310 |a 2 tháng 1 kỳ 
362 |a 1/2025 
520 3 |a Số này gồm các bài viết: Tổ chức dạy kỹ năng viết đoạn văn cho học sinh lớp 3 bằng kỹ thuật làm mẫu "Nói to suy nghĩ"; Tư tưởng thiền học trong Thiền tịch phú của thiền sư Chân Nguyên; Rèn luyên kĩ năng hợp tác cho trẻ mẫu giáo 4-5 tuổi qua trò chơi đóng vai theo chủ đề tại thành phố Cao Lãnh, tỉnh Đồng Tháp ; ... 
655 |a Tạp chí 
942 |2 ddc  |c CR 
952 |0 0  |1 0  |2 ddc  |4 0  |6 378_000000000000000_T109C  |7 0  |9 30480  |a 000001  |b 000001  |d 2025-03-15  |o 378 T109C  |r 2025-03-15  |w 2025-03-15  |y CR 
952 |0 0  |1 0  |2 ddc  |4 0  |6 378_000000000000000_T109C  |7 0  |9 30481  |a 000001  |b 000001  |d 2025-03-15  |o 378 T109C  |r 2025-03-15  |w 2025-03-15  |y CR 
980 |a Thư viện Trường Đại học Nam Cần Thơ